Statistics for Countries With Highest Cigarette Consumption

Click here to take the quiz!

General Stats

  • This quiz has been taken 1,307 times
  • The average score is 12 of 22

Answer Stats

#Country% Correct
7.5Russia
92%
4.8China
87%
4.5Japan
76%
5.8Ukraine
76%
7.2Greece
70%
7.8Serbia
67%
6.8Belarus
66%
6.2Bulgaria
66%
5.1South Korea
62%
6.2Bosnia and Herzegovina
59%
6.0Moldova
56%
6.5Slovenia
56%
5.1Macedonia
50%
4.5Austria
44%
5.6Czech Republic
42%
5.1Kazakhstan
39%
4.6Armenia
38%
5.1Azerbaijan
33%
4.6Switzerland
32%
6.2Lebanon
20%
5.0Kuwait
12%
4.5Tunisia
12%

Score Distribution

Percentile by Number Answered

Percent of People with Each Score

Your Score History

You have not taken this quiz